| 000 | 02877ngm a2200433 4500 | ||
|---|---|---|---|
| 003 | dpl | ||
| 005 | 20100311155941.0 | ||
| 007 | ta | ||
| 008 | ||||||sp199 xxu|||||c ||| 00| 0 ng d | ||
| 010 | _aDVD-006402-6409 | ||
| 024 |
_aDHIF2093S _c99.00 |
||
| 035 | _aDVD-006402-6409 | ||
| 040 |
_aDPL _cDPL |
||
| 082 | _aDVD VICT | ||
| 245 |
_aVictory _cWalkwater Media And Victory Moving Picture Presents _h[videorecording] DVD/ |
||
| 260 | _bMoserbaer Entertainment | ||
| 300 |
_a1 videodisc DVD; _bsd., col. ; _c4 3/4 in. _fDVD |
||
| 440 | _aMoserbaer Home Entertainment | ||
| 500 | _aMoserbaer India Ltd. has obtained the necessary licence/conssent from the owner of the copyright in the wroks for making this DVD Film. | ||
| 538 | _aDolby Digital 5.1 - Hindi Subtitles: English | ||
| 538 | _aThis DVD can be played back on DVD Players, multimedia systems & PC with MPEG card interactive with version 2.0 players. | ||
| 650 | _aMotion Picture | ||
| 700 | _aAjitpal Mangat | ||
| 700 | _aShaetty, Manmohan | ||
| 700 | _aBaweja, Harmans | ||
| 700 | _aKher, Anupam | ||
| 700 | _aRao, Amrita | ||
| 700 | _aGrover, Gulshan | ||
| 942 |
_cCF _2ddc _hDVD _mVICT |
||
| 999 |
_c34600 _d34600 |
||